| 000 | 01089nam a2200217Ii 4500 | ||
|---|---|---|---|
| 003 | JO-AjNU | ||
| 008 | 230605s9999||||xx |||||||||||||| ||und|| | ||
| 017 | _a2008/3398 | ||
| 040 |
_aJO-AjNU _bara _erda _cJO-AjNU |
||
| 041 | _aara | ||
| 050 | 1 | 4 | _aLB1028.M82 2008 |
| 100 | 3 |
_aمؤتمر البخث العلمي، 3: 2007: عمان - الأردن؛ تحرير مصلح النجار, _eauthor _931762 |
|
| 245 | 0 | 0 | _aمحور البحث الدراسات الثقافية ودراسات ما بعد الكولونيالية: وقائع المؤتمر الثالث للبحث العلمي في الإردن، 17/11/2007 الجمعية العلمية الملكية للبحث العلمي |
| 250 | _aط1 | ||
| 264 | 3 | 1 | _aعمان: الجمعية الاردنية للبحث العلمي، الدار الاهلية للنشر والتروزيع، 2008 |
| 300 | _a160ص | ||
| 336 |
_atext _btxt _2rdacontent |
||
| 337 |
_aunmediated _bn _2rdamedia |
||
| 338 |
_avolume _bnc _2rdacarrier |
||
| 650 | 4 |
_aالادب - التربية والتعليم - السياسة - مؤتمرات _931763 |
|
| 999 |
_aA12741 _c16309 _d16309 |
||